LEADER 04139nam1 22006733i 450 001 NAP0150772 005 20231121125558.0 100 $a20020524g1950 ||||0itac50 ba 101 | $aita 102 $ait 181 1$6z01$ai $bxxxe 182 1$6z01$an 200 1 $aDizionario etimologico italiano$fCarlo Battisti, Giovanni Alessio 210 $aFirenze$cG. Barbera 215 $a5 v.$d21 cm 300 $aNella pagina contro il front.: Istituto di glottologia, Firenze, Università degli studi. 463 1$1001NAP0150780$12000 $a1: A-Ca$fCarlo Battisti, Giovanni Alessio$v1 463 1$1001NAP0150781$12000 $a2: Ca-Fa$fCarlo Battisti, Giovanni Alessio$v2 463 1$1001NAP0152689$12000 $a3: Fa-Me$fCarlo Battisti, Giovanni Alessio$v3 463 1$1001NAP0152690$12000 $a4: Me-Ra$fCarlo Battisti, Giovanni Alessio$v4 463 1$1001NAP0152692$12000 $a5: Ra-Zu$fCarlo Battisti, Giovanni Alessio$v5 463 1$1001RAV0031495$12000 $a1: A-Ca$fCarlo Battisti, Giovanni Alessio$v1 463 1$1001RAV0031496$12000 $a2: Ca-Fa$fCarlo Battisti, Giovanni Alessio$v2 463 1$1001RAV0031497$12000 $a3: Fa-Me$fCarlo Battisti, Giovanni Alessio$v3 463 1$1001RAV0031498$12000 $a4: Me-Ra$fCarlo Battisti, Giovanni Alessio$v4 463 1$1001RAV0031499$12000 $a5: Ra-Zu$fCarlo Battisti, Giovanni Alessio$v5 463 1$1001TO00548636$12000 $a1: [A-Ca]$fCarlo Battisti, Giovanni Alessio$v1 463 1$1001TO00548637$12000 $a2: [Ca-Fa]$fCarlo Battisti, Giovanni Alessio$v2 463 1$1001TO00548640$12000 $a3: [Fa-Me]$fCarlo Battisti, Giovanni Alessio$v3 463 1$1001TO00548641$12000 $a4: [Me-Ra]$fCarlo Battisti, Giovanni Alessio$v4 463 1$1001TO00548642$12000 $a5: [Ra-Zu]$fCarlo Battisti, Giovanni Alessio$v5 463 1$1001UBO1180872$12000 $a4: Me-Ra$fCarlo Battisti, Giovanni Alessio$v4 500 10$aDizionario etimologico italiano.$3MSE0081364$9CFIV028873$9483904 606 $aLingua italiana$xDizionari etimologici$2FIR$3RMLC001441$9I 676 $a452.03$9LINGUA ITALIANA. ETIMOLOGIA. Dizionari, enciclopedie, concordanze$v19 700 1$aBattisti$b, Carlo$f <1882-1977>$3CFIV028873$4070$0285301 701 1$aAlessio$b, Giovanni$f <1909-1984>$3CFIV000564$4070$084780 801 3$aIT$bIT-01$c20020524 850 $aIT-RM028 $aIT-RM0289 $aIT-RM0290 $aIT-RM0281 $aIT-RM0418 $aIT-RM0459 $aIT-RM0285 $aIT-RM0211 $aIT-RM0251 $aIT-FR0084 $aIT-RM0460 $aIT-RM0314 $aIT-RM0151 $aIT-FR0017 $aIT-RM0574 899 $aBiblioteca Universitaria Alessandrina$bRM028 899 $aBiblioteca Statale A. Baldini$bRM0289 899 $aBIBLIOTECA ANGELICA$bRM0290 899 $aBIBLIOTECA VALLICELLIANA$bRM0281 899 $aBIBLIOTECA ACCADEMIA NAZ. DEI LINCEI E CORSINIANA$bRM0418 899 $aARCHIVIO DI STATO DI ROMA$bRM0459 899 $aBiblioteca Dell'Istituto Nazionale Di Studi Romani$bRM0285 899 $aFondazione Marco Besso$bRM0211 899 $aBiblioteca Della Soprintendenza Archivistica Per Il Lazio$bRM0251 899 $aBiblioteca Del Monumento Nazionale Di Montecassino$bFR0084 899 $aBiblioteca Dell' Archivio Centrale Dello Stato$bRM0460 899 $aBiblioteca delle Infrastrutture e della mobilità sostenibili$bRM0314 899 $aBiblioteca Istituto Storico Italiano Medio Evo - I$bRM0151 899 $aBiblioteca umanistica Giorgio Aprea$bFR0017 899 $aBiblioteca del Consiglio nazionale dell'economia e del lavoro$bRM0574 912 $aNAP0150772 950 1$aBiblioteca umanistica Giorgio Aprea$d 52S.L. 452.03 DEI.Bat.1$d 52S.L. 452.03 DEI.Bat.2$d 52S.L. 452.03 DEI.Bat.3$d 52S.L. 452.03 DEI.Bat.4$d 52S.L. 452.03 DEI.Bat.5 977 $a 01$a 04$a 06$a 08$a 10$a 12$a 13$a 14$a 24$a 25$a 27$a 31$a 41$a 52$a 61 996 $aDizionario etimologico italiano$9483904 997 $aUNICAS